National seminar on child and the law 1982 (Record no. 1455047)

MARC details
000 -LEADER
fixed length control field 00505nam a2200169Ia 4500
005 - DATE AND TIME OF LATEST TRANSACTION
control field 20250923145734.0
008 - FIXED-LENGTH DATA ELEMENTS--GENERAL INFORMATION
fixed length control field 008 250917s9999 xx 000 0 eng d
037 ## - SOURCE OF ACQUISITION
Stock number Reference
040 ## - CATALOGING SOURCE
Original cataloging agency DSWL
Language of cataloging eng
Transcribing agency DSWL
041 ## - LANGUAGE CODE
Language code of text/sound track or separate title eng
Source of code eng
084 ## - COLON CLASSIFICATION NUMBER
Classification number Y120aZp2,N82, N83;1
Assigning agency DSWL
245 #0 - TITLE STATEMENT
Title National seminar on child and the law 1982
Statement of responsibility, etc. by N.I.P.C.C.D.
260 ## - PUBLICATION, DISTRIBUTION, ETC.
Place of publication, distribution, etc. New Delhi
Name of publisher, distributor, etc. N.I.P.C.C.D.
Date of publication, distribution, etc. 1982
300 ## - PHYSICAL DESCRIPTION
Extent 252p.
942 ## - ADDED ENTRY ELEMENTS (KOHA)
Koha item type Reference
Classification part Y120aZp2,N82, N83;1
Holdings
Withdrawn status Lost status Damaged status Not for loan Home library Current library Date acquired Source of acquisition Inventory number Total Checkouts Full call number Barcode Date last seen Price effective from Koha item type
        Department of Social Work Library Department of Social Work Library 2025-09-23 Gifted by Director Gifted   Y120aZp2,N82, N83;1 SW0022808 2025-09-23 2025-09-23 Reference
Copyright @ Delhi University Library System